Grand Alliance order - Statistics

General Stats
  • This quiz has been taken 3 times
  • The average score is 6 of 9
Answer Stats
Hint Answer % Correct
Magical soldiers Lumineth Realm-lords
100%
Humans Cities of Sigmar
67%
Dwarfs Fyreslayers
67%
Underwater creatures Idoneth Deepkin
67%
Steampunk soldiers Kharadron Overlords
67%
Dinosaurs Seraphon
67%
Immortal knights Stormcast Eternals
67%
Tree people Sylvaneth
67%
Snake ladies Daughters of Khaine
33%
No matching quizzes found
Score Distribution
Percent of People with Each Score
Percentile by Number Answered
Your Score History
You have not taken this quiz